|
|
|
|
| LEADER |
01358cam a2200313 i 4500 |
| 001 |
575188 |
| 003 |
GR-PaULI |
| 005 |
20210910113531.0 |
| 008 |
210910s1964 ge g b 001 0 grc d |
| 952 |
|
|
|0 0
|1 0
|2 ddc
|4 0
|6 Τ_880_000000000000000_ΜΕΝ
|7 0
|9 328363
|a THST
|b THST
|d 2021-09-10
|i 016243
|l 0
|o Τ 880 ΜΕΝ
|p 025000011278
|r 2021-09-10 00:00:00
|t 1
|w 2021-09-10
|y BK15
|
| 999 |
|
|
|c 183962
|d 183962
|
| 010 |
|
|
|a 89460068
|
| 040 |
|
|
|a DLC
|c DLC
|d DLC
|d GR-PaULI
|b gre
|e AACR2
|
| 041 |
0 |
|
|a grc
|a lat
|
| 082 |
0 |
4 |
|a 880
|
| 100 |
0 |
|
|a Μένανδρος ο Αθηναίος,
|c of Athens.
|9 77243
|d 342-291
|e συγγραφέας
|
| 240 |
1 |
0 |
|a Menandrou gnōmai
|
| 245 |
1 |
0 |
|a Menandri Sententiae ; Comparatio Menandri et Philistionis /
|c edidit Siegfried Jaekel.
|
| 260 |
|
|
|a Lipsiae :
|b Teubner,
|c 1964.
|
| 300 |
|
|
|a xxxv, 230 σ. ;
|c 21 εκ.
|
| 490 |
1 |
|
|a Bibliotheca scriptorum Graecorum et Romanorum Teubneriana.
|
| 504 |
|
|
|a Περιλαμβάνει βιβλιογραφία και ευρετήριο.
|
| 546 |
|
|
|a Κείμενο στα αρχαία ελληνικά, σχόλια στα λατινικά.
|
| 700 |
1 |
|
|a Jaekel, Siegfried.
|9 187402
|e επιμελητής
|
| 740 |
0 |
|
|a Menandri Sententiae.
|
| 740 |
0 |
|
|a Sententiae.
|
| 830 |
|
0 |
|9 161755
|a Bibliotheca scriptorum graecorum et romanorum Teubneriana
|
| 942 |
|
|
|2 ddc
|c BK15
|
| 998 |
|
|
|c ΜΑΝΙΑ
|d 2021-09
|